000 02157nkc a22002897a 4500
001 85826
005 20260429113142.0
007 kh boc
008 260421s1902 sp ||||| |||| |0| i|spa d
040 _aM-RABA
_bspa
_cM-RABA
245 0 1 _a[Ourense
_b: Convento de Celanova]
_h[Material gráfico]
260 _c1902
300 _a3 fotografías
_b: aristotipo
_c; imagen 11 x 8 cm
_c; soporte secundario 17, 5 x 14, 5 cm
500 0 0 _aConjunto de 3 fotografías del Monasterio de San Salvador, también conocido como Convento de Celanova, en Ourense, que muestra vistas de fachadas exteriores y estancias interiores.
500 0 0 _aNota manuscrita a tinta en el verso del soporte secundario que indica ubicación y fecha: Fot-724: "Orense. 2 Septiembre 1902. Puertas del trascoro del Convento de Celanova" -- Fot-725: "Orense. 2 Septiembre 1902. Sillería de coro de la Catedral de Celanova" -- Fot-726: "Orense. 2 Septiembre 1902. Patio del Convento de Celanova".
610 2 0 _aMonasterio de San Salvador (Ourense)
_9111700
651 7 _aOurense (Galicia)
_975322
655 0 _aFotografías de monumentos
_9111580
852 _jFot-724; Fot-725; Fot-726
856 _uhttps://archivoybiblioteca.realacademiabellasartessanfernando.com/cgi-bin/koha/opac-retrieve-file.pl?id=1f4346ccc82d555aff187adef70900d4
_yFot-724r
856 _uhttps://archivoybiblioteca.realacademiabellasartessanfernando.com/cgi-bin/koha/opac-retrieve-file.pl?id=ba4431a0fb2c9c05e22ae054bdacbf40
_yFot-724v
856 _uhttps://archivoybiblioteca.realacademiabellasartessanfernando.com/cgi-bin/koha/opac-retrieve-file.pl?id=7d42f6e8ba1119b24ff991effd5dd5fb
_yFot-725r
856 _uhttps://archivoybiblioteca.realacademiabellasartessanfernando.com/cgi-bin/koha/opac-retrieve-file.pl?id=21df259d3fc0beae518ad277baa119de
_yFot-725v
856 _uhttps://archivoybiblioteca.realacademiabellasartessanfernando.com/cgi-bin/koha/opac-retrieve-file.pl?id=8032bbb4e5db5dd398bfb77e62d1fb0e
_yFot-726r
856 _uhttps://archivoybiblioteca.realacademiabellasartessanfernando.com/cgi-bin/koha/opac-retrieve-file.pl?id=905400ffde42a4f8456ce7b63494db0e
_yFot-726v
942 _cFOTOGRAFÍA
_n0
999 _c85826
_d85826